LEADER 01333nam a2200277 i 4500 001 000000142182 003 CaOOAMICUS 005 20050830000000.0 008 050830s1988 fr u000 u fre u 013 $a117377 020 $a2-204-03034-1 040 $aSeMil$bita 245 13$aLe voyage mystique :$bMichel de Certeau /$cLuce Giard , maître d'oeuvre ... [et al.]. 246 04$iTitolo in copertina:$aLe voyage mystique, Michel de Certeau 260 $aParis :$bRecherches de Science Religieuse,$c1988. 300 $a243 p. :$b[1] ritratto ;$c24 cm. 500 $aContiene : Bibliographie. - Estr. des Recherchesde Science Religieuse. Tome 76 (1988), n° 2, p. 161-262 et n° 3, p. 321-457. 600 14$aCertau, Michel : de .$0(OLS)http://semarc/subject/17747 700 1 $aGiard, Luce.$0(OLS)http://semarc/name/21806 850 $aSeMil 852 $aSeMil$W1$xVenegono$y1$m2C V 18$j95364$B95364$CSeMilBibl$Z2$F102445 $81 961 $aOmaggio: Bressan don Luca 996 $6020$a2-204-03034-1$9(OLS)http://semarc/number/130467 996 $6245$aLe voyage mystique :$bMichel de Certeau$9(OLS)http://semarc/title/207853 996 $6246$aLe voyage mystique, Michel de Certeau$9(OLS)http://semarc/title/207854 996 $6260$aParis :$bRecherches de Science Religieuse$9(OLS)http://semarc/publisher/47459 LEADER 00687nam a2200193 i 4500 001 000000064238 003 CaOOAMICUS 005 20100914000000.0 008 100914s1941 it u000 u ita u 013 $a35410 040 $aSeMil$bita 245 10$a1634-1654. 300 $aXX, 508 p., [1] c. di ritratto. 773 0 $aVincent : de Paul $tCarteggio. Conferenze. Documenti.$dRoma : Edizioni Liturgiche Missionarie, [193?]$w()23761 773 0 $tConferenze.$gTomo9$w()23762 850 $aSeMil 852 $aSeMil$W1$xVenegono$y1$m3H VI 241$j241299$B30391$CSeMilBibl$Z2$F30394 $81 961 $aOmaggio: Deposito 996 $6245$a1634-1654$9(OLS)http://semarc/title/101633